Learning Resource and Development

Introduction to mechanical vibrations / (Record no. 29912)

MARC details
000 -LEADER
fixed length control field 03564cam a22003738i 4500
001 - CONTROL NUMBER
control field 21411700
003 - CONTROL NUMBER IDENTIFIER
control field CSPC
005 - DATE AND TIME OF LATEST TRANSACTION
control field 20250807090023.0
008 - FIXED-LENGTH DATA ELEMENTS--GENERAL INFORMATION
fixed length control field 200131s2020 nju b 001 0 eng
010 ## - LIBRARY OF CONGRESS CONTROL NUMBER
LC control number 2020005294
020 ## - INTERNATIONAL STANDARD BOOK NUMBER
International Standard Book Number 9781119053651
Qualifying information (hardback)
035 ## - SYSTEM CONTROL NUMBER
System control number 21411700
040 ## - CATALOGING SOURCE
Original cataloging agency DLC
Language of cataloging eng
Description conventions rda
Transcribing agency DLC
Modifying agency CSPC
042 ## - AUTHENTICATION CODE
Authentication code pcc
050 00 - LIBRARY OF CONGRESS CALL NUMBER
Classification number TA355
Item number .A533 2020
082 00 - DEWEY DECIMAL CLASSIFICATION NUMBER
Classification number 620.3
Item number An231i
Edition number 23
100 1# - MAIN ENTRY--PERSONAL NAME
Personal name Anderson, Ron J.
Fuller form of name (Ron James),
Dates associated with a name 1950-
Relator term author.
245 10 - TITLE STATEMENT
Title Introduction to mechanical vibrations /
Statement of responsibility, etc. Ronald J. Anderson.
263 ## - PROJECTED PUBLICATION DATE
Projected publication date 2006
264 #1 - PRODUCTION, PUBLICATION, DISTRIBUTION, MANUFACTURE, AND COPYRIGHT NOTICE
Place of production, publication, distribution, manufacture Hoboken, New Jersey :
Name of producer, publisher, distributor, manufacturer John Wiley & Sons, Ltd,
Date of production, publication, distribution, manufacture, or copyright notice 2020.
300 ## - PHYSICAL DESCRIPTION
Extent xv, 268 pages :
Other physical details illustrations ;
Dimensions 25 cm.
336 ## - CONTENT TYPE
Content type term text
Content type code txt
Source rdacontent
337 ## - MEDIA TYPE
Media type term unmediated
Media type code n
Source rdamedia
338 ## - CARRIER TYPE
Carrier type term volume
Carrier type code nc
Source rdacarrier
500 ## - GENERAL NOTE
General note Includes index.
505 0# - FORMATTED CONTENTS NOTE
Formatted contents note The transition from dynamics to vibrations -- Single degree of freedom systems - modeling -- Single degree of freedom systems - free vibrations -- SDOF systems - forced vibrations - response to initial -- SDOF systems - steady state forced vibrations -- Damping -- Systems with more than one degree of freedom -- Continuous systems -- Finite elements -- The inerter -- Analysis of experimental data -- Topics in vibrations -- Appendix A: Least squares curve fitting -- Appendix B: Moments of inertia.
520 ## - SUMMARY, ETC.
Summary, etc. "An in-depth introduction to the foundations of vibrations for students of mechanical engineering For students pursuing their education in Mechanical Engineering, An Introduction to Mechanical Vibrations is a definitive resource. The text extensively covers foundational knowledge in the field and uses it to lead up to and include: finite elements, the inerter, Discrete Fourier Transforms, flow-induced vibrations, and self-excited oscillations in rail vehicles. The text aims to accomplish two things in a single, introductory, semester-length, course in vibrations. The primary goal is to present the basics of vibrations in a manner that promotes understanding and interest while building a foundation of lnowledge in the field. The secondary goal is to give students a good understanding of two topics that are ubiquitous in today's engineering workplace - finite element analysis (FEA) and Discrete Fourier Transforms (the DFT- most often seen in the form of the Fast Fourier Transform or FFT). FEA and FFT software tools are readily available to both students and practicing engineers and they need to be used with understanding and a degree of caution. While these two subjects fit nicely into vibrations, this book presents them in a way that emphasizes understanding of the underlying principles so that students are aware of both the power and the limitations of the methods. In addition to covering all the topics that make up an introductory knowledge of vibrations, the book includes: End of chapter exercises to help students review key topics and definitions? Access to sample data files, software, and animations via a dedicated website"--
Assigning source Provided by publisher.
650 #0 - SUBJECT ADDED ENTRY--TOPICAL TERM
Topical term or geographic name entry element Vibration
Form subdivision Textbooks.
776 08 - ADDITIONAL PHYSICAL FORM ENTRY
Relationship information Online version:
Main entry heading Anderson, Ron J. (Ron James), 1950-
Title Introduction to mechanical vibrations
Place, publisher, and date of publication Hoboken, NJ, USA : John Wiley & Sons Ltd., 2020.
International Standard Book Number 9781119053637
Record control number (DLC) 2020005295
906 ## - LOCAL DATA ELEMENT F, LDF (RLIN)
a 7
b cbc
c orignew
d 1
e ecip
f 20
g y-gencatlg
942 ## - ADDED ENTRY ELEMENTS (KOHA)
Source of classification or shelving scheme Dewey Decimal Classification
Koha item type Books
Edition 23
Classification part 620.3
Item part An231i
Call number prefix ENG
Call number suffix 2020
Suppress in OPAC No
Holdings
Withdrawn status Lost status Source of classification or shelving scheme Damaged status Not for loan Home library Current library Shelving location Date acquired Total Checkouts Full call number Barcode Date last seen Copy number Price effective from Koha item type
    Dewey Decimal Classification     Main Library Main Library Engineering Section 08/07/2025   ENG 620.3 An231i 2020 029894 08/07/2025 1-1 08/07/2025 Books